Top 3 NBA 2K21 Players by College: AAC - Statistics

General Stats
  • This quiz has been taken 8 times
  • The average score is 14 of 27
Answer Stats
College Player Rating % Correct
Memphis Derrick Rose 95
100%
Houston Hakeem Olajuwon 98
100%
Houston Clyde Drexler 97
83%
Cincinnati Oscar Robertson 98
83%
Temple Eddie Jones 89
67%
Wichita State Fred VanVleet 85
67%
Cincinnati Kenyon Martin 87
67%
SMU Shake Milton 78
67%
UCF Tacko Fall 70
67%
Temple Aaron McKie 78
50%
Tulsa Bingo Smith 85
50%
Houston Elvin Hayes 96
50%
Tulane Hot Rod Williams 85
50%
Cincinnati Lance Stephenson 83
50%
Wichita State Landry Shamet 71
50%
Cincinnati Nick Van Exel 83
50%
Memphis Penny Hardaway 95
50%
SMU Semi Ojeleye 73
50%
SMU Sterling Brown 74
50%
Tulane Melvin Frazier 70
33%
UCF Brandon Goodwin 70
17%
Tulane Cameron Reynolds 69
17%
East Carolina Elijah Hughes 70
17%
Tulsa Jordan Clarkson 82
17%
Tulsa Paul Pressey 85
17%
Memphis Tyreke Evans 83
17%
Wichita State Xavier McDaniel 87
17%
No matching quizzes found
Score Distribution
Percent of People with Each Score
Percentile by Number Answered
Your Score History
You have not taken this quiz